Titres sur The Dark Side of the Moon par Pink Floyd - Statistiques

Statistiques générales
  • Ce quiz a été pris 271 fois
  • Le résultat moyen est 7 sur 10
Statistiques - réponses
Titre % Correct
4 Time
94%
6 Money
92%
5 The Great Gig in the Sky
80%
2 Breathe
74%
10 Eclipse
73%
7 Us and Them
73%
9 Brain Damage
64%
8 Any Colour You Like
58%
3 On the Run
55%
1 Speak to Me
46%
Aucun quiz correspondant
Distribution des résultats
% des personnes avec chaque résultat
Percentile par nombre de réponses
Votre historique - résultats
Vous n’avez pas pris ce quiz